logo

Bir Sreshtho Munshi Abdur Rouf Library
Jhenaidah Cadet College

তারেক মাসুদ জীবন ‍ও স্বপ্ন / (Record no. 8541)

MARC details
000 -LEADER
fixed length control field 00663nam a2200217 a 4500
001 - CONTROL NUMBER
JCCL Control Number 8541
003 - CONTROL NUMBER IDENTIFIER
JCCL marc code BD-JhCC
005 - DATE AND TIME OF LATEST TRANSACTION
control field 20180227091841.0
008 - FIXED-LENGTH DATA ELEMENTS--GENERAL INFORMATION
fixed length control field 180227b2012 bg a|||| ||a| 000 0 ben d
035 ## - SYSTEM CONTROL NUMBER
system control number (BD-JhCC)8541
040 ## - CATALOGING SOURCE
Original cataloging agency BD-JhCC
Modifying agency BD-JhCC
041 ## - LANGUAGE CODE
Language code of Book ben
082 ## - DEWEY DECIMAL CLASSIFICATION NUMBER
Author mark and Year TAR 2012
245 ## - TITLE STATEMENT
Title তারেক মাসুদ জীবন ‍ও স্বপ্ন /
Statement of responsibility, etc ক্যাথরিন মাসুদ
260 ## - PUBLICATION, DISTRIBUTION, ETC. (IMPRINT)
Place of publication, distribution, etc ঢাকা :
Name of publisher, distributor, etc ব্রিটিশ কাউন্সিল,
Date of publication, distribution, etc 2012
300 ## - PHYSICAL DESCRIPTION
Pagination 123 p. :
Dimensions 29 cm.
650 ## - SUBJECT ADDED ENTRY--TOPICAL TERM
Topical term or geographic name as entry element Biography
700 ## - ADDED ENTRY--PERSONAL NAME
Personal name মাসুদ, ক্যাথরিন
942 ## - ADDED ENTRY ELEMENTS (KOHA)
Source of classification or shelving scheme Dewey Decimal Classification
Koha item type Books
Holdings
Source of classification or shelving scheme Damaged status Not for loan Home library Current library Shelving location Date of accession Cost, normal purchase price Full call number Barcode Date last seen Copy number Method of acquisition Koha item type Currency
Dewey Decimal Classification     JCC Rouf Library JCC Rouf Library General Stacks 02/27/2018 1000.00 779 TAR 2012 8895 02/27/2018 C-1 Purchase Books BDT

JCC Library | Contacts | JCC Home

Last Update on 23 September 2017
Copyright @ 2017-2020 JCC Rouf Library
Rouf Library, Jhenidah Cadet College (JCC), Bangladesh